| 000 | 01149nam a2200289 a 4500 | ||
|---|---|---|---|
| 999 |
_c12064 _d12064 |
||
| 001 | 12064 | ||
| 003 | BD-JhCC | ||
| 005 | 20210923134022.0 | ||
| 008 | 210310b20002015bg a|||| ||a| 001 0 Mul d | ||
| 020 | _a9848480919 | ||
| 035 | _a(BD-JhCC)12064 | ||
| 040 |
_aBD-JhCC _dBD-JhCC |
||
| 041 | _amul | ||
| 082 |
_a005.133 _bHOS 2015 |
||
| 100 | _aহোসেন, মোঃ মোক্তার | ||
| 245 |
_aসি/সি++ ও অবজেক্ট অরিয়েন্টেড প্রোগ্রামিং / _cমোঃ মোক্তার হোসেন, ড.মোঃ লুৎফর রহমান |
||
| 260 |
_aঢাকা : _bসিসটেক পাবলিকেশন্স লিমিটেড; _c২০১৫. |
||
| 300 |
_a598 p. : _bill _c24 cm. |
||
| 650 | _aObject-oriented programming (Computer science) | ||
| 650 | _aC++ (Computer program language) | ||
| 650 | _aProgramming languages (Electronic computers) | ||
| 650 | _aSoftware engineering | ||
| 650 | _aComputer science, Computer programming | ||
| 700 | _a রহমান,ড.মোঃ লুৎফর | ||
| 942 |
_2ddc _cBK _01 |
||